000 00411nam a22001697a 4500
005 20170330113705.0
008 170330b xxu||||| |||| 00| 0 eng d
020 _a978-81-7871-957-8
041 _aeng
100 _aPATIL,B S
_93725
245 _aCIVIL ENGINEERING CONTRACTS AND ESTIMATES
250 _a4th
260 _bUNIVERSITY PRESS
_c2015
300 _a498
650 _aENGINEERING
_93726
942 _cBK
999 _c5352
_d5350